00409cam a2200157ua 45000010005000000080039000050400009000440820011000532450046000642500009001102600043001193000018001626530023001806530027002037000021002301100110428n ii |||gr||||Z||||||eng cMAIN a322.441 aSwadhinatar raj bisar.cBy B R Agarwalla. a1st. aNew Delhi.:bNational book trust.,996. a174 cm.:5 cm. aPolitical science. aSwadhinatar raj bisar.1 aAgarwalla, B R.,